[Event "Wloclawek CC Classic 04th"]
[Site "Wloclawek"]
[Date "2012.??.??"]
[Round "2"]
[White "Czerwinski, Krzysztof"]
[Black "Matusiak, Marcin"]
[Result "0-1"]
[WhiteElo "1000"]
[BlackElo "1400"]
[PlyCount "52"]
[EventDate "2012.04.??"]
[EventType "swiss"]
[EventRounds "7"]
[EventCountry "POL"]
[SourceTitle "EXT 2021"]
[Source "ChessBase"]
[SourceDate "2020.10.23"]
[SourceVersion "1"]
[SourceVersionDate "2020.10.23"]
[SourceQuality "1"]

1. e4 e6 2. Nc3 c5 3. Nf3 d5 4. d3 Nc6 5. Be3 d4 6. Be2 dxc3 7. bxc3 Nf6 8. 0-0 Be7 9. d4 cxd4 10. cxd4 0-0 11. e5 Nd5 12. Qd3 Bd7 13. Qd2 f6 14. exf6 Bxf6 15. Bg5 Bxg5 16. Nxg5 h6 17. h4 hxg5 18. hxg5 Nf4 19. Kh2 Nxe2 20. Qxe2 Qxg5 21. Rh1 Rf6 22. c4 Rh6+ 23. Kg1 Rxh1+ 24. Kxh1 Nxd4 25. Qd3 Bc6 26. Qxd4 Qxg2# 0-1